000 00742nam a2200229 i 4500
001 124519
003 ES-MaACL
005 20250823100554.0
007 t|
008 070329s1930 sp ||||1| spa d
080 _a78(091)
100 1 _aRiemann, Hugo.
_997092
245 1 0 _aHistoria de la música /
_cHugo Riemann ; traducción de la séptima edición alemana por Antonio Ribera y Maneja.
260 _aBarcelona :
_bLabor,
_c[1930]
300 _a472 p., lám. :
_bil. ;
_c17 cm.
490 1 _aColección Labor ;
_v244, 245
650 4 _aMúsica-
_vHistoria
_915391
700 1 _aRibera Maneja, Antonio.
_996792
830 0 0 _aColección Labor
_v244, 245
_9184254
852 _aES-MaACL
_jE-2749
999 _c124519
_d124519